00534nam a2200157Ia 4500001001000000003000500010008004100015010001100056040000900067100001600076245015000092500005500242650001600297650003300313650003000346Para_7225CHAP220125s9999 xx 000 0 und d a206111 cCHAP aKlein, H.H. aEffects of fungicides, oil, and fungicide - oil - water emulsions on development of cercoscopora leaf spot of bananas in the field /c H.H. Klein aSobretiro de: Phytopathology 51 (5): 294 - 7, 1961 aCercospora  aMancha foliar del plátano  aPlátano x enfermedades